000 00735nam a2200253Ia 4500
003 OSt
005 20221002054603.0
006 a|||||r|||| 00| 0
007 ta
008 220930b |||||||| |||| 00| 0 eng d
024 _a65456
037 _cReference Collections
040 _aCRL
_cCRL
_beng
041 _2eng
_aeng
082 _aV4655.N9, M3(RR)
100 _aGordon David C
_9153121
245 0 _aRepublic of Lebanon
_b Nation in Jeopardy
260 _aBoulder
_bWestview
_c1983
300 _a171p.
_ccm.
500 _aProfiles Nations of the Contemporary Middle East; 1
650 _aHISTORY
942 _hV4655.N9, M3(RR)
_cref
_2CC
999 _c925194
_d925194